Estudio para la reactivación del laboratorio de inyección diésel del taller automotriz UNIMEC
Describe un estudio sobre las características técnicas de los equipos labores de mantenimiento y su estado actual para así poder determinar los requerimientos básicos para la reactivación del laboratorio diésel del taller automotriz perteneciente a UNIMEC.
| Main Authors: | , |
|---|---|
| Other Authors: | |
| Format: | Tesis Section = Libro |
| Language: | Undetermined Spanish |
| Published: |
Managua
UNI
1995
|
| Subjects: |
| LEADER | 01193nam a2200265Ia 4500 | ||
|---|---|---|---|
| 008 | 240830s9999 xx 000 0 und d | ||
| 040 | |a BIBLIOTECA-RUPAP Mon 621.4361 J61 | ||
| 041 | |a spa | ||
| 082 | |a Mon 621.4361 J61 | ||
| 100 | 1 | |a Jiménez Suárez, Paúl | |
| 100 | 1 | |b Rojas Castillo, Ricardo | |
| 245 | 1 | 0 | |a Estudio para la reactivación del laboratorio de inyección diésel del taller automotriz UNIMEC |
| 260 | |a Managua |b UNI |c 1995 | ||
| 300 | |a 166 p. :il. | ||
| 500 | |a Contiene: apéndice y anexos. | ||
| 502 | |a Tesis (Ingeniero Mecánico)- UNI, 1995. | ||
| 520 | 3 | |a Describe un estudio sobre las características técnicas de los equipos labores de mantenimiento y su estado actual para así poder determinar los requerimientos básicos para la reactivación del laboratorio diésel del taller automotriz perteneciente a UNIMEC. | |
| 650 | 7 | |a INYECCION DIESEL - TALLER AUTOMOTRIZ UNIMEC | |
| 650 | 7 | |b MANUAL DE EQUIPOS - LABORATORIO DE INYECCION DIESEL | |
| 650 | 7 | |c SISTEMA DE INYECCION DIESEL - UNIMEC | |
| 650 | 7 | |d MANTENIMIENTO - EQUIPOS DE LABORATORIO DIESEL | |
| 700 | 1 | |a Tutor: |b Blandón Morales, Eddy | |
| 942 | |c BK |2 ddc | ||
| 991 | |a TESIS | ||
| 999 | |c 15776 | ||